000 00525nam a22001937a 4500
003 MPLRDC
005 20220104185302.0
008 210129b ||||| |||| 00| 0 eng d
020 _a986-216-488-4
082 _a786.8498 KAM
100 _aWILLIAM KAMKWAMBA、BRYAN MEALER
245 _a驭风男孩
_c吴茵茵 译
250 _a一版一刷
260 _a台湾
_b天下远见出版股份有限公司
_c2010
300 _b
490 _a科学文化. 138
650 _a坎宽巴传记
942 _cBK
_o786.8498 KAM
999 _c63257
_d63247